Memoria anual 1996

Shranjeno v:
Bibliografske podrobnosti
Korporativna značnica: Santa Isabel (Author)
Format: Knjiga
Jezik:španščina
Izdano: Valparaíso Santa Isabel 1997
Teme:
Oznake: Označite
Brez oznak, prvi označite!

MARC

LEADER 00000nam a2200000 a 4500
001 UCP6322
003 CL-VaPUC
008 991021e19970000CL |||||||||||||||||spa|d
082 0 4 |a 338.47  |b SAN  |2 21 
110 2 |a Santa Isabel  |e author  |9 435368 
245 1 0 |a Memoria anual 1996 
300 |a 143 p 
942 |c BK 
945 |d 19991021 00:00:00  |a rbrito 
260 |a Valparaíso  |b Santa Isabel  |c 1997 
650 0 |a Análisis financiero  |9 264523 
650 0 |a Ventas  |9 259323 
650 7 |a SUPERMERCADOS  |2 CL-VaPUC  |9 435369 
650 0 |a Administración financiera  |9 261146 
583 |a last modification  |c 19991021 00:00:00  |k Rodrigo Vera 
999 |c 283913  |d 283911 
952 |0 0  |1 0  |4 0  |6 338_470000000000000_SAN_1997  |7 0  |8 A  |9 327450  |a BIBGIM  |b BIBGIM  |d 2019-11-20  |i 3498646  |o 338.47 SAN 1997  |p 3498646  |r 2025-01-15  |w 2019-11-20  |y BK  |k GIM